000 00483pab a2200157 454500
008 180718b2003 xxu||||| |||| 00| 0 eng d
100 _aGatade, Subhash
245 _aSubverting the Shudra-Atishudra revolution? A close look at the complex interplay of Hindutva and Bhujanwad in UP
260 _c2003
300 _ap.66-74.
362 _a27 Dec
650 _aUttar Pradesh - Politics and government
650 _aPolitics and government
773 _aMainstream
909 _a59060
999 _c59060
_d59060